00502 2200205 4500001002100000005001500021035002000036007000300056008004100059020002200100082001000122084001600132100001300148245004000161250001000201260003300211300003100244650001300275990000800288INLIS00000000000407720190902032729 a0010-0919000007ta190902 a 0 ind  a978-979-795-150-4 a372.5 a372.5 IWA m0 aIWANDANA1 aMewarnai Buah & Sayuran /cIwandana acet.5 aJakarta :bWahyuMedia,c2009 a32 hlm. :bilus. ;c28 cm. 4aMEWARNAI a353